| 000 | 00726nam a22002057a 4500 | ||
|---|---|---|---|
| 999 |
_c12930 _d12930 |
||
| 003 | AR-CdUCM | ||
| 008 | 190410b ||||| |||| 00| 0 spa d | ||
| 040 |
_aMUNICIPALIDAD PROVINCIAL DEL CUSCO _cBIBLIOTECA MUNICIPAL DEL CUSCO |
||
| 082 |
_22ed _a802 / _bA28 |
||
| 100 |
_aBazan, Juan Francisco _931065 |
||
| 245 | _aLa escuela y la comunidad / | ||
| 260 |
_aLima : _bGráfica comercial, |
||
| 300 |
_a145 páginas ; _c18 cm. |
||
| 505 | _aContenido: La escuela y la comunidad -- Ciencias sociales -- La sociedad -- La escuela -- La comunidad -- La comunidad rural... | ||
| 650 |
_aCiencias sociales _91096 |
||
| 650 |
_aEscuelas rurales _94642 |
||
| 650 |
_aPerú _935 |
||
| 942 |
_2ddc _cLIBROS |
||
| 945 |
_adavv _d10/04/2019 |
||